Loading...
Fine Arts - Classical Music | 8 | 12.50 | 100% | 25% | 0% |
Fine Arts - Other Fine Arts | 8 | 18.75 | 100% | 75% | 13% |
Fine Arts - Painting & Sculpture | 9 | 17.78 | 100% | 56% | 22% |
History - American History | 7 | 20.00 | 100% | 57% | 43% |
History - European History | 8 | 21.25 | 100% | 63% | 50% |
History - Other History | 8 | 22.50 | 100% | 75% | 50% |
History - World History | 7 | 22.86 | 100% | 71% | 57% |
Literature - American Literature | 8 | 21.25 | 100% | 88% | 25% |
Literature - British Literature | 9 | 16.67 | 100% | 56% | 11% |
Literature - European Literature | 10 | 18.00 | 100% | 80% | 0% |
Literature - World Literature | 6 | 15.00 | 100% | 50% | 0% |
Mythology | 10 | 21.00 | 100% | 80% | 30% |
Other | 10 | 15.00 | 90% | 50% | 10% |
Philosophy | 10 | 17.00 | 100% | 70% | 0% |
Religion | 8 | 17.50 | 100% | 50% | 25% |
Science - Biology | 10 | 17.00 | 100% | 60% | 10% |
Science - Chemistry | 6 | 15.00 | 100% | 50% | 0% |
Science - Other Science | 7 | 15.71 | 86% | 29% | 43% |
Science - Physics | 8 | 18.75 | 100% | 75% | 13% |
Social Science | 11 | 16.36 | 100% | 55% | 9% |